000 00308nam a2200109Ia 4500
008 171211s9999 xx 000 0 und d
245 _aDesign for Care: Innovating Healthcare Experience
245 _cPeter Jones
260 _c1989
650 _xDesign
856 _uhttp://down.ebook777.com/060/1933820233.pdf
999 _c347944
_d347944